000 00410nam a22001697a 4500
005 20160525145950.0
008 160525b xxu||||| |||| 00| 0 eng d
020 _a81-7808-580-1
041 _aeng
082 _b4933
100 _aVanhorne, James C.
_91251
245 _aFinancial Management Policy
260 _aNew Delhi
_bAcademic Faundation
300 _a795
650 _aManagement
_9241
942 _cBK
999 _c1729
_d1728